İki Ya da Daha Fazla Kelimeden Oluşan Ülkeler - Statistics

General Stats
  • This quiz has been taken 833 times
    823 since last reset
  • The average score is 15 of 33
Answer Stats
Kıta Ülke % Correct
Afrika Demoktarik {Kongo} Cumhuriyeti
89%
Afrika {Kongo} Cumhuriyeti
88%
Afrika {Fildişi} Sahili
78%
Asya Güney Kore
75%
Okyanusya Yeni Zelanda
72%
Kuzey Amerika Birleşik Devletler
64%
Asya Kuzey Kore
64%
Afrika Güney Afrika
63%
Avrupa Birleşik Krallık
60%
Kuzey Amerika {Dominik} Cumhuriyeti
60%
Afrika {Orta Afrika} Cumhuriyeti
60%
Okyanusya {Marshall} Adaları
54%
Okyanusya Papua Yeni Gine
50%
Okyanusya {Solomon} Adaları
49%
Afrika Güney Sudan
45%
Avrupa Kuzey Makedonya
44%
Okyanusya {Mikronezya} Federal Devletleri
43%
Asya Suudi Arabistan
36%
Asya Birleşik Arap Emirlikleri
35%
Kuzey Amerika El Salvador
34%
Kuzey Amerika Saint Lucia
31%
Kuzey Amerika Kosta Rika
30%
Asya Sri Lanka
30%
Kuzey Amerika Saint Kitts ve Nevis
29%
Kuzey Amerika Saint Vincent ve Grenadinler
29%
Okyanusya Antigua ve Barbuda
28%
Afrika Yeşil Burun
27%
Afrika Burkina Faso
25%
Afrika Ekvator Ginesi
25%
Afrika Sierra Leone
25%
Kuzey Amerika Trinidad ve Tobago
25%
Avrupa Beyaz Rusya
22%
Afrika São Tomé ve Príncipe
20%
No matching quizzes found
Score Distribution
Percent of People with Each Score
Percentile by Number Answered
Your Score History
You have not taken this quiz since the last reset